Political Geography: approaches, concepts, futures (Record no. 1308305)

MARC details
000 -LEADER
fixed length control field 01053nam a2200229 4500
005 - DATE AND TIME OF LATEST TRANSACTION
control field 20250403133354.0
008 - FIXED-LENGTH DATA ELEMENTS--GENERAL INFORMATION
fixed length control field 250329b |||||||| |||| 00| 0 eng d
020 ## - INTERNATIONAL STANDARD BOOK NUMBER
International Standard Book Number 9781526498854
037 ## - SOURCE OF ACQUISITION
Terms of availability Textual
040 ## - CATALOGING SOURCE
Original cataloging agency RTL
Transcribing agency RTL
084 ## - COLON CLASSIFICATION NUMBER
Classification number U5 R4
Assigning agency RTL
100 ## - MAIN ENTRY--PERSONAL NAME
Personal name Squire, Rachael
9 (RLIN) 751639
245 ## - TITLE STATEMENT
Title Political Geography: approaches, concepts, futures
260 ## - PUBLICATION, DISTRIBUTION, ETC.
Name of publisher, distributor, etc. Sage
Date of publication, distribution, etc. 2024
Place of publication, distribution, etc. London
300 ## - PHYSICAL DESCRIPTION
Extent x, 245p.
Other physical details Includes index
520 ## - SUMMARY, ETC.
Summary, etc. This innovative and thought-provoking text will teach you about the diverse and increasingly expansive sub-discipline of geopolitics. Divided into three sections, Political Geography draws on case studies from a diverse range of scales, contexts, and demographics, to introduce you to the key Approaches, concepts, and futures of geopolitics. <br/>
650 ## - SUBJECT ADDED ENTRY--TOPICAL TERM
Topical term or geographic name entry element Power, Order & change in world politics
9 (RLIN) 751640
650 ## - SUBJECT ADDED ENTRY--TOPICAL TERM
Topical term or geographic name entry element Industrial geography
9 (RLIN) 264540
650 ## - SUBJECT ADDED ENTRY--TOPICAL TERM
Topical term or geographic name entry element Business geography
9 (RLIN) 751641
700 ## - ADDED ENTRY--PERSONAL NAME
Personal name Jackman, Anna
9 (RLIN) 751642
Relator term Co-author
942 ## - ADDED ENTRY ELEMENTS (KOHA)
Source of classification or shelving scheme Colon Classification (CC)
Suppress in OPAC No
Koha item type Textbook
Classification part U5 R4
Holdings
Withdrawn status Lost status Source of classification or shelving scheme Damaged status Not for loan Home library Current library Date acquired Total Checkouts Full call number Barcode Date last seen Price effective from Koha item type
    Colon Classification (CC)     Ratan Tata Library Ratan Tata Library 2025-03-29   U5 R4 RT1528288 2025-10-17 2025-03-29 Textbook
Copyright @ Delhi University Library System